000 01375nam a2200337 i 4500
003 EG-GICUC
005 20260121101453.0
008 251211s2003 ua ||||fr|||| 00| 0 ara d
017 _a2003/4254
020 _a9770440647
040 _a EG-GICUC
_bara
_c EG-GICUC
_d EG-GICUC
_erda
041 0 _aara
082 0 4 _221
_a343.46
_bه ل . ج
092 0 4 _221
099 _aLaw1 10 343.46 ه ل . ج 1 ed - 2003
100 0 _aهلالي عبد اللاه أحمد
_eمؤلف.
245 1 2 _aالجوانب الموضوعية والإجرائية الجرائم المعلوماتية على ضوء اتفاقية بودابست الموقعة في ٢٣ نوفمبر ۲۰۰۱ /
_cالدكتور هلالي عبد اللاه أحمد.
250 _aالطبعة الأولى
264 1 _aالقاهرة :
_bدار النهضة العربية,ن،
_c2003.
300 _a319 صفحة ؛
_c24 سم.
336 _2rda content
_atext
337 _2rda media
_aComputer
338 _2rda carrier
_aOnline Resource
504 _a. 310-314 ببليوجرافيا: صفحات
546 _aالنص باللغة العربية
650 1 4 _aالتشريعات المتعلقة بتقنية المعلومات
650 1 4 _aالقانون الجنائي
856 4 0 _uhttps://fll.law.cu.edu.eg/fulltext/bks/B10-06987.pdf
905 _a77
_eHassnaa
942 _2ddc
_cBK
_e21
_n0
999 _c49880
_d49880